000 01184nam a22002057a 4500
005 20250224152703.0
008 250224b ||||| |||| 00| 0 eng d
020 _a9788196318406
040 _cAL
041 _aeng
082 _223
_a823
_bKAIW
100 _aRohan Kailasam
_9202278
245 _aWastra
260 _aNoida
_bNu Voice Press
_c2023
300 _a281p
_bPB
_c19.5x12.5cm.
365 _2General
_a6693
_b₹239.20
_c
_d₹299.00
_e20%
_f18/02/2025
520 _aWhen Shalini is assigned an investigation of a brutal attack, she uncovers a key clue in a photograph. Intrigued, she follows the trail to the murky streets of Colaba, where she encounters the alcoholic, Shinda as she delves deeper, the reporter finds herself drawn into the dark undercurrents of Bombay’s underworld. She is taken on a mind-bending journey through the stories about the Iran-Iraqwar, the Tamil Tigers of Sri Lanka, the communal riots of Bombay and the legend of Westra with Babu’s life hanging in the balance, she finds herself in a desperate race against time to unravel the secrets hidden in an alcoholic mind.
650 _2Fiction
_aEnglish Fiction
_9202279
942 _2ddc
_cBK
999 _c233887
_d233887